| 000 | 00448nam a2200181Ia 4500 | ||
|---|---|---|---|
| 008 | 120913t2007 xxu||||| |||| 00| 0 sin d | ||
| 041 | _asin | ||
| 080 |
_a8 - 31 _bVAL |
||
| 100 | _aValmiki | ||
| 245 | _aරාමායණය | ||
| 246 | _aRamayanaya | ||
| 260 |
_aM. D. Gunasena _aColombo _c2007 |
||
| 300 | _b215p, 18 cm | ||
| 700 |
_aAbhayasinghe,P. M. P. _etr. |
||
| 942 | _cBK | ||
| 999 |
_c41527 _d41527 |
||
| 003 | LK-CoDNM | ||
| 040 |
_aLK-CoDNM _dLK-CoDNM _eLK-CoDNM |
||